Statystyki dla Rozpoznaj polskie miasta po zdjęciach #2

Kliknij tutaj aby rozwiązać quiz!

Ogólne statystyki

  • Ten quiz został rozwiązany 108 razy
  • Średni wynik to 4 z 10

Statystyki odpowiedzi

Odpowiedź% Poprawnych
Kraków
90%
Toruń
84%
Gdynia
65%
Katowice
52%
Lublin
46%
Kłodzko
34%
Koszalin
30%
Konin
19%
Kołobrzeg
12%
Kamienna Góra
4%

Rozkład punktacji

Percentyl według liczby udzielonych odpowiedzi

Procent ludzi z każdym wynikiem

Twoja historia wyników

Nie rozwiązałeś tego quizu